<?xml version="1.0" encoding="UTF-8"?>
<record
    xmlns:xsi="http://www.w3.org/2001/XMLSchema-instance"
    xsi:schemaLocation="http://www.loc.gov/MARC21/slim http://www.loc.gov/standards/marcxml/schema/MARC21slim.xsd"
    xmlns="http://www.loc.gov/MARC21/slim">

  <leader>01195nam a22002417a 4500</leader>
  <controlfield tag="005">20110711140235.0</controlfield>
  <controlfield tag="008">110711t        xxu||||| |||| 00| 0 mar d</controlfield>
  <datafield tag="010" ind1=" " ind2=" ">
    <subfield code="a">MAR-21471</subfield>
  </datafield>
  <datafield tag="020" ind1=" " ind2=" ">
    <subfield code="c">300.00</subfield>
  </datafield>
  <datafield tag="035" ind1=" " ind2=" ">
    <subfield code="a">MR-14129</subfield>
  </datafield>
  <datafield tag="037" ind1=" " ind2=" ">
    <subfield code="b">DBAD/PUB</subfield>
  </datafield>
  <datafield tag="040" ind1=" " ind2=" ">
    <subfield code="a">DPL</subfield>
    <subfield code="b">MR</subfield>
  </datafield>
  <datafield tag="082" ind1=" " ind2=" ">
    <subfield code="a">363.325</subfield>
  </datafield>
  <datafield tag="100" ind1=" " ind2=" ">
    <subfield code="9">29424</subfield>
    <subfield code="a">&#x907;&#x92E;&#x94D;&#x924;&#x93F;&#x92F;&#x93E;&#x91C; &#x917;&#x941;&#x932;</subfield>
  </datafield>
  <datafield tag="245" ind1=" " ind2=" ">
    <subfield code="a">'&#x905;&#x932;&#x94D; &#x915;&#x93E;&#x92F;&#x926;&#x93E; ' &#x91A;&#x947; &#x927;&#x93E;&#x917;&#x947;&#x926;&#x94B;&#x930;&#x947; /</subfield>
    <subfield code="c">&#x907;&#x92E;&#x94D;&#x924;&#x93F;&#x92F;&#x93E;&#x91C; &#x917;&#x941;&#x932; ; &#x930;&#x947;&#x916;&#x93E; &#x926;&#x947;&#x936;&#x92A;&#x93E;&#x902;&#x921;&#x947; &#x926;&#x94D;&#x935;&#x93E;&#x930;&#x93E; &#x905;&#x928;&#x941;&#x935;&#x93E;&#x926;&#x93F;&#x924;</subfield>
  </datafield>
  <datafield tag="246" ind1=" " ind2=" ">
    <subfield code="a">Al-Kayadache Dhagedore</subfield>
    <subfield code="b">by Imtiyaz Gul</subfield>
  </datafield>
  <datafield tag="260" ind1=" " ind2=" ">
    <subfield code="a">&#x92E;&#x941;&#x902;&#x92C;&#x908;</subfield>
    <subfield code="b">&#x905;&#x915;&#x94D;&#x937;&#x930; &#x92A;&#x94D;&#x930;&#x915;&#x93E;&#x936;&#x928;</subfield>
    <subfield code="c">2011</subfield>
  </datafield>
  <datafield tag="270" ind1=" " ind2=" ">
    <subfield code="a">&#x91C;&#x930;&#x940;&#x935;&#x93E;&#x932; &#x92C;&#x93F;&#x932;&#x94D;&#x921;&#x93F;&#x902;&#x917; &#x928;&#x902;&#x92C;&#x930;1,&#x90F; &#x935;&#x93F;&#x902;&#x917;,&#x92E;&#x93E;&#x939;&#x940;&#x92E;</subfield>
    <subfield code="b">&#x92E;&#x941;&#x902;&#x92C;&#x908;</subfield>
    <subfield code="e">400016</subfield>
  </datafield>
  <datafield tag="300" ind1=" " ind2=" ">
    <subfield code="a">287&#x92A;&#x943;.</subfield>
    <subfield code="c">22&#x938;&#x947;&#x92E;&#x940;(&#x905;&#x91C;&#x93F;&#x932;&#x94D;&#x926;)</subfield>
  </datafield>
  <datafield tag="700" ind1=" " ind2=" ">
    <subfield code="a">&#x926;&#x947;&#x936;&#x92A;&#x93E;&#x902;&#x921;&#x947;,&#x930;&#x947;&#x916;&#x93E;</subfield>
    <subfield code="9">35581</subfield>
  </datafield>
  <datafield tag="942" ind1=" " ind2=" ">
    <subfield code="2">ddc</subfield>
    <subfield code="c">MR</subfield>
    <subfield code="m">&#x907;&#x92E;&#x94D;&#x924;&#x93F;&#x92F;&#x93E;</subfield>
    <subfield code="h">363.325</subfield>
  </datafield>
  <datafield tag="999" ind1=" " ind2=" ">
    <subfield code="c">57816</subfield>
    <subfield code="d">57816</subfield>
  </datafield>
  <datafield tag="952" ind1=" " ind2=" ">
    <subfield code="0">0</subfield>
    <subfield code="1">0</subfield>
    <subfield code="2">ddc</subfield>
    <subfield code="4">0</subfield>
    <subfield code="7">1</subfield>
    <subfield code="8">NFIC</subfield>
    <subfield code="a">DBAD</subfield>
    <subfield code="b">DBAD</subfield>
    <subfield code="d">2011-10-19</subfield>
    <subfield code="e">DBAD / PUB</subfield>
    <subfield code="g">300.00</subfield>
    <subfield code="l">0</subfield>
    <subfield code="o">363.325 &#x907;&#x92E;&#x94D;&#x924;&#x93F;&#x92F;&#x93E;</subfield>
    <subfield code="p">MR-14129</subfield>
    <subfield code="r">2011-10-19 00:00:00</subfield>
    <subfield code="t">1</subfield>
    <subfield code="v">300.00</subfield>
    <subfield code="w">2011-10-19</subfield>
    <subfield code="y">MR</subfield>
  </datafield>
</record>
